Bichos da praia (Record no. 110036)

MARC details
000 -LÍDER
campo de controle de tamanho fixo 00428 a2200181 4500
001 - NÚMERO DE CONTROLE
campo de controle 110036
020 ## - ISBN - INTERNATIONAL STANDARD BOOK NUMBER
ISBN - International Standard Book Number 9788574163352
041 ## - CÓDIGO DE IDIOMA
Código do idioma do texto/trilha sonora ou título diferente por
090 ## - NÚMERO DE CHAMADA LOCAL
Número de chamada (OCLC) (R); Número de chamada, CALL (RLIN) (NR) AP SK 028 MIC
040 ## - FONTE DA CATALOGAÇÃO
Instituição da catalogação original BR-BrIDEA
Instituição que transcreveu o registro BR-BrIDEA
100 ## - ENTRADA PRINCIPAL--NOME PESSOAL
Nome pessoal Michaelis, Ana.
250 ## - EDIÇÃO
Edição . ed.
245 10 - TÍTULO
Título Bichos da praia
Indicação de responsabilidade, etc. Ana Michaelis
260 ## - PUBLICAÇÃO, DISTRIBUIÇÃO, ETC.
Local de publicação, distribuição, etc. São Paulo
Nome do editor, distribuidor, etc. Callis
Data da publicação, distribuição, etc. 2009
697 ## - ENTRADA DE ASSUNTO LOCAL--ENTIDADE COLETIVA (RLIN)
Nome corporativo ou nome da jurisdição Literatura infantil
856 ## - LOCALIZAÇÃO ELETRÔNICA E ACESSO
Uniform Resource Identifier <a href="000017/00001735.jpg">000017/00001735.jpg</a>
942 ## - ELEMENTOS DE ENTRADA ADICIONADOS (KOHA)
Tipo de material Koha Livros
Holdings
Situação do descarte Situação das perdas Fonte da classificação ou esquema de arquivamento na estante Situação física Não pode ser emprestado Biblioteca de origem Biblioteca atual Data de aquisição Total de empréstimos Número de chamada completo Código de barras Devolução em Data de último acesso Data do último empréstimo Data do preço efetivo Tipo de material Koha
          Canadian School of Niterói - Piratininga Canadian School of Niterói - Piratininga 09/02/2024   MIC-B3 A06410   09/02/2024   09/02/2024 Livros
    Classificação Decimal de Dewey     ECB - SUDOESTE ECB - SUDOESTE 09/12/2014 1 P SK 028 MIC 00012510SSW 31/03/2024 31/01/2024 31/01/2024 23/01/2024 Livros
    Classificação Decimal de Dewey     ECB - SUDOESTE ECB - SUDOESTE 08/08/2014   P SK 028 MIC 00009675SSW   23/01/2024   23/01/2024 Livros
    Classificação Decimal de Dewey     ECB - SUDOESTE ECB - SUDOESTE 09/12/2014 1 P SK 028 MIC 00012509SSW 31/03/2024 31/01/2024 31/01/2024 23/01/2024 Livros
    Classificação Decimal de Dewey     ECB - ÁGUAS CLARAS ECB - ÁGUAS CLARAS 09/01/2018 2 AP SK 028 MIC 00032137AGC   18/11/2024 02/05/2024 23/01/2024 Livros